书目信息 |
| 题名: |
罗马经济史
|
|
| 作者: | 弗兰克 著 ;王桂玲 , 杨金龙 译 | |
| 分册: | ||
| 出版信息: | 上海 上海三联书店 2013.8 |
|
| 页数: | 303页 | |
| 开本: | 23cm | |
| 丛书名: | 上海三联人文经典书库 | |
| 单 册: | ||
| 中图分类: | F119.2 | |
| 科图分类: | ||
| 主题词: | 经济史--Jing Ji Shi--研究--古罗马 , 研究--Yan Jiu , 古罗马--Gu Luo Ma | |
| 电子资源: | ||
| ISBN: | 978-7-5426-4261-5 | |
| 000 | 01264nam0 22003251 450 | |
| 001 | 349740 | |
| 005 | 20161009083745.32 | |
| 010 | @a978-7-5426-4261-5@dCNY48.00 | |
| 100 | @a20130923d2013 em y0chiy50 ea | |
| 101 | 1 | @achi@ceng |
| 102 | @aCN@b310000 | |
| 105 | @ay z 001yy | |
| 106 | @ar | |
| 200 | 1 | @a罗马经济史@ALuo Ma Jing Ji Shi@dAn economic history of Rome@f(美)腾尼·弗兰克著@g王桂玲,杨金龙译@zeng |
| 210 | @a上海@c上海三联书店@d2013.8 | |
| 215 | @a303页@d23cm | |
| 225 | 2 | @a上海三联人文经典书库@AShang Hai San Lian Ren Wen Jing Dian Shu Ku@v63 |
| 300 | @a“十二五”国家重点图书出版规划项目 国家出版基金项目 | |
| 330 | @a本书详细探究了罗马共和时期的农业、工商业、资金和铸币、劳动力等经济状况,描绘了整个共和时期及至帝国四世纪罗马世界的经济生活风貌,深入解读了罗马兴衰的经济起因。 | |
| 461 | 0 | @12001 @a上海三联人文经典书库 |
| 510 | 1 | @aAn economic history of Rome@zeng |
| 606 | 0 | @a经济史@AJing Ji Shi@x研究@x古罗马 |
| 606 | 0 | @a研究@AYan Jiu |
| 606 | 0 | @a古罗马@AGu Luo Ma |
| 690 | @aF119.2@v5 | |
| 701 | 0 | @c(美)@a弗兰克@AFu Lan Ke@c(Frank,Tenney@f1876~1939)@4著 |
| 702 | 0 | @a王桂玲@AWang Gui Ling@c(翻译)@4译 |
| 702 | 0 | @a杨金龙@AYang Jin Long@4译 |
| 801 | 0 | @aCN@bTANGWEI@20160730 |
| 905 | @b0886525-9@dF119.2@e170@f5 | |
| 罗马经济史=An economic history of Rome/(美)腾尼·弗兰克著/王桂玲,杨金龙译.-上海:上海三联书店,2013.8 |
| 303页;23cm.-(上海三联人文经典书库;63) |
| “十二五”国家重点图书出版规划项目 国家出版基金项目 |
| ISBN 978-7-5426-4261-5:CNY48.00 |
| 本书详细探究了罗马共和时期的农业、工商业、资金和铸币、劳动力等经济状况,描绘了整个共和时期及至帝国四世纪罗马世界的经济生活风貌,深入解读了罗马兴衰的经济起因。 |
| ● |
| 相关链接 |
|
|
|
|
正题名:罗马经济史
索取号:F119.2/170
 
预约/预借
| 序号 | 登录号 | 条形码 | 馆藏地/架位号 | 状态 | 备注 |
| 1 | 0886525 | 208865254 | 第一样本阅览室/ [索取号:F119.2/170] | 在馆 | |
| 2 | 0886526 | 208865263 | 经管系资料室/ [索取号:F119.2/170] | 在馆 | |
| 3 | 0886527 | 208865272 | 第一借阅区/ [索取号:F119.2/170] | 在馆 | |
| 4 | 0886528 | 208865281 | 第一借阅区/ [索取号:F119.2/170] | 在馆 | |
| 5 | 0886529 | 208865290 | 第一借阅区/ [索取号:F119.2/170] | 在馆 |